[Event "AUTO-ADV-1645"]
[Site "http://www.queenalice.com/game.php?id=759459"]
[Date "2010.4.11"]
[Round "2"]
[White "math"]
[Black "xuricat"]
[Result "0-1"]
[WhiteElo "1913"]
[BlackElo "1993"]

1. c4 c5 2. g3 g6 3. Bg2 Bg7 4. e3 Nc6 5. Nc3 Nf6 6. Nge2 O-O 7. O-O d6 8. Rb1
Bf5 9. d3 Nb4 10. e4 Bd7 11. a3 Nc6 12. f4 Qc8 13. b4 a6 14. bxc5 dxc5 15. Na4
Qc7 16. Nxc5 Bc8 17. Be3 b6 18. Nb3 Bb7 19. Nbd4 Ng4 20. Nc2 Nxe3 21. Nxe3 Rad8
22. Nd5 Qd6 23. Rxb6 Qd7 0-1

[Event "AUTO-ADV-1645"]
[Site "http://www.queenalice.com/game.php?id=759460"]
[Date "2010.4.11"]
[Round "2"]
[White "xuricat"]
[Black "math"]
[Result "1-0"]
[WhiteElo "2006"]
[BlackElo "1900"]

1. e4 d5 2. Nf3 dxe4 3. Ng5 Nf6 4. Bc4 e6 5. Nc3 Nbd7 6. Bxe6 fxe6 7. Nxe6 Qe7
8. Nxc7+ Kd8 9. Nxa8 b6 10. O-O Bb7 11. Nxb6 Nxb6 12. d4 Nbd5 13. Nxd5 Bxd5 14.
Be3 g6 15. b3 Bg7 16. c4 Bf7 17. Qd2 Ng4 18. Bg5 Bf6 19. Bxf6 Nxf6 20. d5 Ke8
21. Rfe1 Kf8 22. d6 Qe5 23. Qb4 1-0

[Event "AUTO-ADV-1645"]
[Site "http://www.queenalice.com/game.php?id=759463"]
[Date "2010.4.11"]
[Round "2"]
[White "xuricat"]
[Black "alainbouley"]
[Result "1/2-1/2"]
[WhiteElo "2058"]
[BlackElo "2123"]

1. e4 d5 2. Nf3 dxe4 3. Ng5 Nf6 4. Bc4 e6 5. Nc3 Bc5 6. Ngxe4 Nxe4 7. Nxe4 Bb6
8. O-O O-O 9. c3 Nd7 10. d4 h6 11. Qg4 Nf6 12. Nxf6+ Qxf6 13. Bf4 Kh7 14. Be5
Qg6 15. Qxg6+ Kxg6 16. Bd3+ f5 17. b4 Bd7 18. a4 c6 19. a5 Bd8 20. Rae1 Bf6 21.
f4 Kf7 22. Kf2 g5 23. Ke3 g4 24. Rh1 b5 25. h3 gxh3 26. Rxh3 Bxe5 27. fxe5 Kg7
28. Reh1 Rh8 29. Kf4 Rag8 30. Be2 Be8 31. g4 Rf8 32. g5 hxg5+ 33. Kxg5 Rxh3 34.
Rxh3 a6 35. Kf4 Bg6 36. Bf3 Be8 37. Rg3+ 1/2-1/2

[Event "AUTO-ADV-1645"]
[Site "http://www.queenalice.com/game.php?id=759464"]
[Date "2010.4.11"]
[Round "2"]
[White "alainbouley"]
[Black "xuricat"]
[Result "1-0"]
[WhiteElo "2128"]
[BlackElo "2061"]

1. d4 Nf6 2. c4 c5 3. d5 b5 4. Nf3 bxc4 5. Nc3 d6 6. e4 Ba6 7. Bg5 h6 8. Bxf6
exf6 9. Nd2 Be7 10. Bxc4 Bxc4 11. Nxc4 O-O 12. O-O Nd7 13. Ne3 Qb6 14. Nf5 Rfe8
15. Qg4 Bf8 16. Nxh6+ Kh8 17. Nxf7+ Kg8 18. Qxd7 Re7 19. Qxd6 Rxf7 20. Qxb6 axb6
21. Rfd1 Rd7 22. a4 Kf7 23. Nb5 Bd6 24. Nxd6+ Rxd6 25. b3 Re8 26. f3 g5 27. g4
Rh8 28. a5 bxa5 29. Rxa5 Rb6 30. Rxc5 Rxb3 31. Rf1 Rb2 32. Rc7+ Kg6 33. Rf2 Rb1+
34. Kg2 Rd1 35. Rcc2 Rd8 36. Rfd2 Rxd2+ 37. Rxd2 Rd6 38. Kg3 Kg7 39. Rc2 Kf7 40.
h4 Rd8 41. hxg5 fxg5 42. f4 gxf4+ 43. Kxf4 Rd6 44. Rc6 1-0

[Event "AUTO-INT-1592"]
[Site "http://www.queenalice.com/game.php?id=766901"]
[Date "2010.4.26"]
[Round "2"]
[White "xuricat"]
[Black "viniciussantos"]
[Result "1-0"]
[WhiteElo "2051"]
[BlackElo "1694"]

1. e4 e5 2. Nf3 Nc6 3. Bb5 Bc5 4. O-O a6 5. Bxc6 dxc6 6. Nxe5 Nf6 7. d3 Qd6 8.
Nf3 Bg4 9. h3 Bh5 10. Nbd2 Bxf3 11. Nxf3 O-O-O 12. e5 1-0

[Event "AUTO-INT-1592"]
[Site "http://www.queenalice.com/game.php?id=766902"]
[Date "2010.4.26"]
[Round "2"]
[White "viniciussantos"]
[Black "xuricat"]
[Result "1/2-1/2"]
[WhiteElo "1735"]
[BlackElo "2057"]

1. e4 c5 2. Nf3 Nc6 3. Bc4 e6 4. O-O a6 5. Nc3 b5 6. Be2 g6 7. a3 Bg7 8. Bd3 c4
9. Be2 Nge7 10. d4 cxd3 11. Bxd3 O-O 12. Qe2 Qc7 13. Bd2 Bb7 14. h3 Ne5 15. Nxe5
Bxe5 16. f4 Bg7 17. Rad1 d5 18. exd5 Nxd5 19. Nxd5 Bxd5 20. c3 Rfd8 21. Be4 Bc4
22. Qf3 Rac8 23. Rf2 Bd5 24. Bxd5 Rxd5 25. Bc1 Rcd8 26. Rfd2 Rxd2 27. Rxd2 Qc5+
28. Kh2 Rd5 29. Rxd5 Qxd5 30. Qxd5 exd5 31. Kg3 f5 32. Be3 Kf7 33. Kf3 h5 34. h4
Ke6 35. g3 Kd6 36. Ke2 Kc6 37. Kd3 a5 38. b4 axb4 39. axb4 1/2-1/2

[Event "AUTO-INT-1592"]
[Site "http://www.queenalice.com/game.php?id=766903"]
[Date "2010.4.26"]
[Round "2"]
[White "xuricat"]
[Black "Guigafmoraes"]
[Result "1-0"]
[WhiteElo "2065"]
[BlackElo "1768"]

1. e4 c5 2. Nf3 d6 3. d4 cxd4 4. Nxd4 Nf6 5. Nc3 e5 6. Bb5+ Bd7 7. Bxd7+ Nbxd7
8. Ndb5 Nc5 9. Bg5 a6 10. Na3 Ne6 11. Bxf6 Qxf6 12. Nd5 Qd8 13. O-O Be7 14. Nc4
Rc8 15. Nce3 Nc7 16. Nb6 Rb8 17. Ned5 Nxd5 18. Nxd5 O-O 19. Qd3 b5 20. Rad1 Rc8
21. c3 Rc6 22. f4 Bf6 23. f5 1-0

[Event "AUTO-INT-1592"]
[Site "http://www.queenalice.com/game.php?id=766904"]
[Date "2010.4.26"]
[Round "2"]
[White "Guigafmoraes"]
[Black "xuricat"]
[Result "0-1"]
[WhiteElo "1773"]
[BlackElo "2060"]

1. d4 Nf6 2. c4 c5 3. e3 g6 4. Nf3 Bg7 5. Nc3 O-O 6. Be2 cxd4 7. exd4 d5 8. Bg5
dxc4 9. Bxc4 Bg4 10. O-O Nc6 11. d5 Ne5 12. Be2 Nxf3+ 13. Bxf3 Bxf3 14. Qxf3 Qa5
15. a3 Rad8 16. b4 Qa6 17. a4 Qd6 18. Rfb1 Rfe8 19. Nb5 Qxd5 20. Bxf6 Qxf3 21.
gxf3 Bxf6 0-1

[Event "AUTO-OPEN-1850"]
[Site "http://www.queenalice.com/game.php?id=773975"]
[Date "2010.5.11"]
[Round "2"]
[White "xuricat"]
[Black "Chezzdevil"]
[Result "0-1"]
[WhiteElo "2065"]
[BlackElo "2108"]

1. e4 e5 2. Nf3 Nc6 3. Bb5 Bd6 4. O-O a6 5. Ba4 b5 6. Bb3 Bb7 7. c3 Nf6 8. Re1
O-O 9. d3 h6 10. Nbd2 Re8 11. Nf1 Bf8 12. Ng3 Na5 13. Bc2 c5 14. d4 cxd4 15.
cxd4 exd4 16. Nxd4 Qc7 17. b3 Rac8 18. Bb2 Nc6 19. Rc1 Nxd4 20. Bxd4 Ba3 21.
Bxf6 Bxc1 22. Qg4 Bg5 23. Bxg5 hxg5 24. Bd3 d5 25. Qxg5 dxe4 26. Nf5 Qe5 27. a4
bxa4 28. bxa4 g6 29. Nh6+ Kg7 30. Qxe5+ Rxe5 31. Ng4 exd3 32. Nxe5 d2 0-1

[Event "AUTO-OPEN-1850"]
[Site "http://www.queenalice.com/game.php?id=773976"]
[Date "2010.5.11"]
[Round "2"]
[White "Chezzdevil"]
[Black "xuricat"]
[Result "1-0"]
[WhiteElo "2121"]
[BlackElo "2055"]

1. d4 Nf6 2. c4 c5 3. d5 b5 4. cxb5 a6 5. f3 axb5 6. e4 d6 7. Bxb5+ Bd7 8. Bc4
g6 9. Nc3 Bg7 10. Nge2 O-O 11. O-O Qb6 12. Qc2 Na6 13. a3 Nc7 14. Be3 Nb5 15.
Qd3 Nxc3 16. Nxc3 Qa5 17. Rfb1 Rfb8 18. Ra2 Ne8 19. b4 cxb4 20. axb4 Qd8 21.
Rxa8 Rxa8 22. b5 Bc8 23. b6 Bb7 24. Nb5 Nf6 25. Na7 Nd7 26. Nc6 Qe8 27. Qd2 Ne5
28. Bb5 Nxc6 29. dxc6 Bxc6 30. b7 Rb8 31. Bxc6 Qxc6 32. Qd5 Qc2 33. Qb3 Qxb3 34.
Rxb3 f5 35. Ba7 Re8 36. exf5 gxf5 37. Rb4 1-0

[Event "AUTO-ADV-1649"]
[Site "http://www.queenalice.com/game.php?id=780409"]
[Date "2010.5.25"]
[Round "2"]
[White "kaucaia"]
[Black "xuricat"]
[Result "0-1"]
[WhiteElo "2043"]
[BlackElo "2062"]

1. e4 c5 2. b4 cxb4 3. a3 d5 4. exd5 Qxd5 5. Nf3 e5 6. c4 Qe6 7. Bb2 Nc6 8. Be2
e4 9. Nd4 Nxd4 10. Bxd4 Nf6 11. axb4 Bd7 12. b5 Bd6 13. Nc3 O-O 14. Bxf6 gxf6
15. d4 exd3 16. Qxd3 Rfe8 17. Rd1 Bb4 18. O-O Bxc3 19. Qg3+ Kh8 20. Qxc3 Rac8
21. Rd5 Rg8 22. Rfd1 Bxb5 23. Rxb5 Qxe2 24. Qxf6+ Rg7 0-1

[Event "AUTO-ADV-1649"]
[Site "http://www.queenalice.com/game.php?id=780410"]
[Date "2010.5.25"]
[Round "2"]
[White "xuricat"]
[Black "kaucaia"]
[Result "1-0"]
[WhiteElo "2045"]
[BlackElo "2060"]

1. e4 e6 2. d4 d5 3. Nd2 c5 4. Ngf3 cxd4 5. Nxd4 Nc6 6. Nxc6 bxc6 7. Bd3 Nf6 8.
Qe2 Be7 9. O-O Qc7 10. c4 d4 11. f4 c5 12. e5 Nd7 13. b3 Bb7 14. Be4 O-O 15.
Bxb7 Qxb7 16. Qd3 a5 17. a4 Rab8 18. Rb1 Rfd8 19. Ne4 Qc6 20. Qf3 Qb7 21. Ng5
Bxg5 22. fxg5 Qxf3 23. Rxf3 Nxe5 24. Rf2 1-0

[Event "AUTO-ADV-1649"]
[Site "http://www.queenalice.com/game.php?id=780411"]
[Date "2010.5.25"]
[Round "2"]
[White "vininetto"]
[Black "xuricat"]
[Result "1-0"]
[WhiteElo "1956"]
[BlackElo "2069"]

1. e4 c5 2. Nf3 Nc6 3. d4 cxd4 4. Nxd4 g6 5. Be3 Bg7 6. Nc3 Nf6 7. f3 O-O 8. Qd2
d5 9. Nxc6 bxc6 10. O-O-O Qc7 11. Bh6 dxe4 12. Bxg7 Kxg7 13. Nxe4 Nxe4 14. fxe4
Be6 15. b3 Rfd8 16. Qc3+ f6 17. Bd3 a5 18. a4 Rab8 19. h3 h5 20. Kb1 c5 21. Rhe1
c4 22. Be2 Rxd1+ 23. Rxd1 Qc6 24. Rd4 Qxa4 25. Bxc4 Bxc4 26. Rxc4 Qb5 27. Rc5
Qf1+ 28. Ka2 Qxg2 29. e5 a4 30. exf6+ exf6 31. Ka3 axb3 32. cxb3 Ra8+ 33. Kb4
Qxh3 34. Qxh3 1-0

[Event "AUTO-ADV-1649"]
[Site "http://www.queenalice.com/game.php?id=780412"]
[Date "2010.5.25"]
[Round "2"]
[White "xuricat"]
[Black "vininetto"]
[Result "1-0"]
[WhiteElo "2069"]
[BlackElo "2009"]

1. e4 c5 2. Nf3 d6 3. d4 cxd4 4. Nxd4 Nf6 5. Nc3 g6 6. Be3 Bg7 7. f3 O-O 8. Qd2
Nc6 9. O-O-O Bd7 10. g4 Rc8 11. h4 Ne5 12. h5 Nc4 13. Bxc4 Rxc4 14. hxg6 fxg6
15. e5 Ne8 16. Qh2 Kf7 17. f4 Qc7 18. f5 Bxe5 19. Qxh7+ Bg7 20. fxg6+ Kf6 21.
Nd5+ 1-0

[Event "AUTO-ADV-1634"]
[Site "http://www.queenalice.com/game.php?id=791881"]
[Date "2010.6.18"]
[Round "2"]
[White "vindaloo"]
[Black "xuricat"]
[Result "1/2-1/2"]
[WhiteElo "1866"]
[BlackElo "2044"]

1. e4 c5 2. c4 Nc6 3. Nc3 g6 4. Nge2 Bg7 5. g3 e6 6. Bg2 Nge7 7. O-O O-O 8. d3
a6 9. Bd2 Rb8 10. a4 Nb4 11. Be3 d5 12. Bxc5 a5 13. Bxb4 axb4 14. Nb5 Bxb2 15.
Rb1 Ba3 16. Nxa3 bxa3 17. Qb3 dxc4 18. Qxc4 e5 19. Qc3 Qd6 20. Ra1 Rd8 21. Rxa3
Be6 22. Rd1 Rbc8 23. Qb2 Rc7 24. d4 Rdc8 25. Rc3 Rxc3 26. Nxc3 exd4 27. Nb5 Qe5
28. Nxd4 Rd8 29. Qa1 Nc6 30. Nxe6 Rxd1+ 31. Qxd1 Qxe6 32. h4 Qe5 33. Kh2 b5 34.
a5 b4 35. a6 Qb5 36. Qd6 b3 37. Qd1 b2 38. Qb1 Qe2 39. e5 Na7 40. f4 Qd2 41. Kh3
Qc1 42. Be4 Kf8 43. Kg4 h6 44. Kf3 Ke7 45. Bd3 h5 46. g4 hxg4+ 47. Kxg4 Qd2 48.
Qf1 Qc1 49. Qf2 Nb5 50. a7 Qd1+ 51. Be2 Qd7+ 52. Kg3 Qxa7 53. Qxa7+ Nxa7 54. Bd3
Nb5 55. Kg4 Nc3 56. f5 b1=Q 57. Bxb1 Nxb1 58. fxg6 fxg6 59. Kg5 Kf7 60. e6+ Kxe6
1/2-1/2

[Event "AUTO-ADV-1634"]
[Site "http://www.queenalice.com/game.php?id=791882"]
[Date "2010.6.18"]
[Round "2"]
[White "xuricat"]
[Black "vindaloo"]
[Result "0-1"]
[WhiteElo "2083"]
[BlackElo "1829"]

1. e4 c5 2. Nf3 d6 3. d4 cxd4 4. Nxd4 Nc6 5. Nc3 e5 6. Ndb5 a6 7. Na3 Nf6 8. Bg5
Be7 9. Bxf6 Bxf6 10. Nd5 b5 11. c3 O-O 12. Bd3 Be6 13. Nc2 Bxd5 14. exd5 Ne7 15.
Ne3 Bg5 16. Qh5 h6 17. h4 g6 18. Qg4 Bf6 19. h5 g5 20. Nf5 Bg7 21. Nxg7 Kxg7 22.
c4 Qa5+ 23. Kf1 bxc4 24. Qxc4 Qxd5 25. Qxd5 Nxd5 26. Be4 Nc7 27. Bxa8 Rxa8 28.
Rd1 d5 29. Ke2 Ne6 30. Ke3 Rd8 31. Rd2 f5 32. f3 d4+ 33. Kf2 Kf6 34. g4 fxg4 35.
fxg4 Nc5 36. Rc1 Ne4+ 37. Ke2 Nxd2 38. Kxd2 Rd6 39. Kd3 Ke6 40. Rc5 Rd5 41. Rc8
Kd7 42. Rh8 Rd6 43. Rf8 Ke7 44. Rf2 Ke6 45. b4 Kd5 46. Re2 Rc6 47. a4 Rc3+ 48.
Kd2 e4 49. Kd1 e3 50. b5 axb5 51. axb5 Rb3 52. b6 Rxb6 53. Ra2 d3 0-1

[Event "AUTO-ADV-1634"]
[Site "http://www.queenalice.com/game.php?id=791885"]
[Date "2010.6.18"]
[Round "2"]
[White "xuricat"]
[Black "thw"]
[Result "1-0"]
[WhiteElo "2042"]
[BlackElo "1822"]

1. e4 e6 2. d4 d5 3. Nd2 Nf6 4. e5 Nfd7 5. Bd3 c5 6. c3 Nc6 7. Ne2 Qb6 8. O-O
cxd4 9. cxd4 Nxd4 10. Nxd4 Qxd4 11. Nf3 Qb6 12. Qa4 Bc5 13. a3 h6 14. Qg4 Rg8
15. b4 Bf8 16. Bxh6 1-0

[Event "AUTO-ADV-1634"]
[Site "http://www.queenalice.com/game.php?id=791886"]
[Date "2010.6.18"]
[Round "2"]
[White "thw"]
[Black "xuricat"]
[Result "0-1"]
[WhiteElo "1850"]
[BlackElo "2033"]

1. e4 c5 2. Nf3 Nc6 3. d4 cxd4 4. Nxd4 g6 5. Nc3 Bg7 6. Be3 Nf6 7. Bd3 O-O 8.
Qd2 Ng4 9. f3 Nxe3 10. Qxe3 Bxd4 0-1

[Event "AUTO-OPEN-1845"]
[Site "http://www.queenalice.com/game.php?id=812938"]
[Date "2010.8.4"]
[Round "2"]
[White "xuricat"]
[Black "OliverMeewes"]
[Result "0-1"]
[WhiteElo "2048"]
[BlackElo "1864"]

1. e4 e5 2. Nf3 d6 3. d4 Bg4 4. dxe5 Bxf3 5. Qxf3 dxe5 6. Bc4 Nf6 7. Qb3 Qe7 8.
Qxb7 Qb4+ 9. Qxb4 Bxb4+ 10. c3 Bc5 11. O-O Nxe4 12. Be3 Bxe3 13. fxe3 O-O 14.
Bd5 c6 15. Bxe4 a5 0-1

[Event "AUTO-OPEN-1845"]
[Site "http://www.queenalice.com/game.php?id=812939"]
[Date "2010.8.4"]
[Round "2"]
[White "OliverMeewes"]
[Black "xuricat"]
[Result "1-0"]
[WhiteElo "1887"]
[BlackElo "2025"]

1. e4 c5 2. Bc4 Nc6 3. Nf3 e6 4. Nc3 Nf6 5. d3 d6 6. h3 Be7 7. Bb5 Qb6 8. Bg5
O-O 9. a4 Bd7 10. b3 h6 11. Be3 a6 12. Bxc6 Bxc6 13. O-O Nd7 14. d4 cxd4 15.
Bxd4 Qc7 16. Qd3 1-0

[Event "AUTO-OPEN-1845"]
[Site "http://www.queenalice.com/game.php?id=812940"]
[Date "2010.8.4"]
[Round "2"]
[White "xuricat"]
[Black "stan"]
[Result "0-1"]
[WhiteElo "2075"]
[BlackElo "2420"]

1. e4 Nc6 2. Nf3 f5 3. exf5 d5 4. Bb5 Bxf5 5. Ne5 Bd7 6. Bxc6 Bxc6 7. O-O g6 8.
Qe2 Nh6 9. d4 Nf5 10. Nxc6 bxc6 11. c3 Bg7 12. Bg5 Qd6 13. Re1 Rb8 14. g4 h6 0-1

[Event "AUTO-OPEN-1845"]
[Site "http://www.queenalice.com/game.php?id=812941"]
[Date "2010.8.4"]
[Round "2"]
[White "stan"]
[Black "xuricat"]
[Result "1-0"]
[WhiteElo "2421"]
[BlackElo "2073"]

1. e4 c5 2. g3 Nc6 3. Bg2 g6 4. d3 Bg7 5. Nf3 d6 6. O-O Nf6 7. c3 O-O 8. Re1 Bg4
9. h3 Bxf3 10. Qxf3 Rc8 11. Na3 a6 12. Qe2 e5 13. Bg5 Qc7 14. Nc4 b5 15. Ne3 Ne7
16. h4 1-0